=LDR 00000nam 2200000 4500 =001 INLIS000000000028638 =005 20130612130927 =008 ***********************************ind** =035 ##$$0010-061300000028638 =041 ##$$a ind =082 ##$$a 372.6 =090 ##$$a 372.6, SEH b =100 ##$$a Sehata =245 ##$$a Bahasa Indonesia untuk SD dan MI Kelas 5, Sehata, Tugiman =260 ##$$a 2007 $b Jakarta =300 ##$$a vi, 204 hlm., ilus., 23 cm =650 ##$$a Bahasa Indonesia =650 ##$$a Studi dan Pengajaran =700 ##$$a Tugiman =850 ##$$a NBPNMAT